Normal view
MARC view
- Ship or sheep-An intermediate Pronunciation course
Entry Topical Term
001 - CONTROL NUMBER
- control field: 2235
003 - CONTROL NUMBER IDENTIFIER
- control field: JO-AjAnu
005 - DATE AND TIME OF LATEST TRANSACTION
- control field: 20230606070653.0
008 - FIXED-LENGTH DATA ELEMENTS
- fixed length control field: 230606|| aca||aabn | a|a d
040 ## - CATALOGING SOURCE
- Original cataloging agency: JO-AjAnu
- Transcribing agency: JO-AjAnu
150 ## - HEADING--TOPICAL TERM
- Topical term or geographic name entry element: Ship or sheep-An intermediate Pronunciation course
670 ## - SOURCE DATA FOUND
- Source citation: Work cat.: (JO-AjAnu)1170: تأليف Baker,Ann, author 2234, Ship or sheep?:An intermediate Pronunciation course